000 00597nam a22001697a 4500
008 230220b |||||||| |||| 00| 0 eng d
020 _a0865542716
050 _aB4376.I58 1984
100 _aPerkins Robert L.
_952186
245 _aInternational Kierkegaard commentary:
_bSickenss unto death.
_cRobert L. Perkins.
260 _aUnited States of America
_bMercer University Press,
_c1984.
300 _a264p
_bxii,
_c23cm
650 _aKierkegaard,Soren,1813-1855.Sygdommen tildoden
_952187
650 _asin
_925138
650 _adespair.I.Perkins,Robert L,.1930.
_952188
942 _2lcc
_cMONOGRAPH
999 _c131632
_d131632